Statistics for Countries That Border France On An Empty Map

Click here to take the quiz!

General Stats

  • This quiz has been taken 130 times
  • The average score is 7 of 8

Answers on the Map

Answers color-coded by a green-red scale on the quiz's map according to % correct below.
 

Answer Stats

Country% Correct
Spain
95%
Germany
94%
Belgium
91%
Switzerland
90%
Italy
87%
Andorra
86%
Monaco
84%
Luxembourg
83%

Score Distribution

Percentile by Number Answered

Percent of People with Each Score

Your Score History

You have not taken this quiz